Cargando...

Freedom struggle in colonial Kerala/

Detalles Bibliográficos
Autor principal: Ramachandran Nair S
Formato: Printed Book
Publicado: Thiruvananthapuram: S Ramachandran Nair, 2004.
Materias:
LEADER 00722nam a22001691a 4500
999 |c 15067  |d 15067 
082 |a 954.83  |b RAM/F 
100 |a Ramachandran Nair S 
245 |a Freedom struggle in colonial Kerala/  |c by Ramachandran Nair S 
260 |a Thiruvananthapuram:  |b S Ramachandran Nair,  |c 2004. 
300 |a 180p. 
650 |a History Kerala 
650 |a History 
942 |c BK 
942 |c BK 
952 |0 0  |1 0  |4 0  |6 954_830000000000000_RAM_F  |7 0  |9 21403  |a SSUS  |b SSUS  |d 2015-01-08  |g 120.00  |l 15  |m 1  |o 954.83 RAM/F  |p 048208  |q 2020-12-07  |r 2020-11-23  |s 2020-11-23  |v 0.00  |w 2015-01-08  |y BK 
952 |0 0  |1 0  |4 0  |6 954_830000000000000_RAM_F  |7 0  |9 21404  |a SSUS  |b SSUS  |d 2015-01-08  |g 120.00  |l 3  |o 954.83 RAM/F  |p 052041  |r 2017-03-04  |s 2016-12-24  |v 0.00  |w 2015-01-08  |y BK